Rhyming families, grades 1-3 / (Record no. 102733)
[ view plain ]
| 000 -LEADER | |
|---|---|
| fixed length control field | 00521nam a2200169 a 4500 |
| 005 - DATE AND TIME OF LATEST TRANSACTION | |
| control field | 20140412111241.0 |
| 008 - FIXED-LENGTH DATA ELEMENTS--GENERAL INFORMATION | |
| fixed length control field | 010328s19uu xx 00 eng d |
| 050 ## - LIBRARY OF CONGRESS CALL NUMBER | |
| Classification number | TR(GS 414 |
| Item number | G73 1990 |
| 100 ## - MAIN ENTRY--PERSONAL NAME | |
| Personal name | Gregoria, Barbara |
| 245 ## - TITLE STATEMENT | |
| Title | Rhyming families, grades 1-3 / |
| Statement of responsibility, etc | written by Barbara Gregorich ; edited by Joan Hoffman ; illustrated by Chris Cook. |
| 260 ## - PUBLICATION, DISTRIBUTION, ETC. (IMPRINT) | |
| Name of publisher, distributor, etc | School Zone Publishing Company, |
| Date of publication, distribution, etc | 1990. |
| 300 ## - PHYSICAL DESCRIPTION | |
| Extent | 32 p. |
| 440 ## - SERIES STATEMENT/ADDED ENTRY--TITLE | |
| Title | An "I Know It" Book |
| 650 ## - SUBJECT ADDED ENTRY--TOPICAL TERM | |
| Topical term or geographic name as entry element | Phonics |
| Withdrawn status | Lost status | Damaged status | Home library | Current library | Shelving location | Date acquired | Source of acquisition | Total Checkouts | Full call number | Barcode | Date last seen | Price effective from | Koha item type |
|---|---|---|---|---|---|---|---|---|---|---|---|---|---|
| Elizalde Library | Elizalde Library | Teachers Reference Section | 05/03/2001 | TR(GS 414 G73 1990 | E2602 | 04/12/2014 | 04/12/2014 | Books | |||||
| Elizalde Library | Elizalde Library | Teachers Reference Section | 04/10/2002 | TR(GS 414 G73 1990 | E0590 | 04/12/2014 | 04/12/2014 | Books |